| 000 | 00956nam a22002655i 4500 | ||
|---|---|---|---|
| 999 |
_c12566 _d12566 |
||
| 003 | EG-ScBUE | ||
| 005 | 20200113122358.0 | ||
| 008 | 090811s2000 ua f 000 p ara d | ||
| 040 |
_aEG-ScBUE _bara _erda _cEG-ScBUE _dEG-ScBUE |
||
| 082 | 0 | 4 |
_a892.716 _bهـ ل ا _222 |
| 100 | 1 |
_aهلال، عبد الناصر، _eمؤلف. |
|
| 245 | 1 | 0 |
_aامرأة يروق لها البحر : _bشعر / _cعبد الناصر هلال. |
| 250 | _aالطبعة الأولى. | ||
| 264 | 1 |
_aالقاهرة : _bالهيئة العامة لقصور الثقافة، _c2000. |
|
| 300 | 1 |
_a157 صفحة ؛ _c18 سم |
|
| 336 |
_2rdacontent _aنص _btxt |
||
| 337 |
_2rdamedia _aبدون وسيط _bn |
||
| 338 |
_2rdacarrier _aمجلد _bnc |
||
| 490 | 0 |
_aأصوات أدبية ؛ _v291 |
|
| 590 | _aريهام | ||
| 650 | 7 |
_aالشعر العربي _xدواوين وقصائد. _2BUEsh _97996 |
|
| 653 |
_bGGEN _cJanuary2020 |
||
| 655 | _vReading book | ||
| 942 |
_2ddc _cBB |
||